Quizzes
Events
Quiz Creation
Community
Videos
Private Events
Remove Ads
Sign In
Join for FREE
Feedback
Dark Mode
Quiz Categories
Sports
Geography
Music
Movies
Television
Just For Fun
Miscellaneous
History
Literature
Language
Science
Gaming
Entertainment
Religion
Holiday
For Kids
Quiz Lab
Recent
Popular Today
Quiz Kudos Today
Editor Picks
Curator Picks
Quizzes by...
Day
Popularity
Type
Ratings
Length
Year
Community
Subscriptions
Recent Discussions
Orange Saloon
Badges
Playlists
Quests
Create
Leaderboards
Showdown
Live 5
Trivia Bingo
Activity
Puzzle Library
Sporcle Events
Private Events
Virtual Trivia
Globe League
Become a Host
Pub Owners
SporcleCon
Opinionation
Our Games
Videos
Blog
Mobile Apps
Partnerships
Remove Ads and Go Orange
Feedback
Sports
Athletes
MLB
NBA
NHL
NFL
Soccer
Sports Teams
WWE
NCAA
Football
Premier League
Basketball
Baseball
Hockey
Golf
Tennis
Cricket
Rugby
Auto Racing
Olympics
World Cup
Sports
Athletes
MLB
NBA
NHL
NFL
Soccer
Sports Teams
WWE
NCAA
Football
Premier League
Basketball
Baseball
Hockey
Golf
Tennis
Cricket
Rugby
Auto Racing
Olympics
World Cup
Random Quiz
Search Sporcle
×
Quiz Lab
Quiz Lab
Sports
World Cup
Type in answers that appear in a list
Type in answers that appear in a list
Classic
Best Score? Go Orange.
Netherlands World Cup Squads Since 1974 Stats
Can you name the Netherlands World Cup Squads Since 1974?
By
Freddie
15m
156 Questions
6,969 Plays
6,969 Plays
6,969 Plays
Comments
Comments
Give Quiz Kudos
Give Quiz Kudos
-
- Ratings
hide this ad
Replay
Link that replays current quiz
Next Quiz
Link to next quiz in quiz playlist
You Got
0%
They Got
Avg Score
54%
Avg Friend Score
Upgrade to see
Score Distribution
Jump to the score distribution portion of the page
Score
0/156
Timer
15:00
2
Plays Today
% Correct
Edwin van der Sar
95.6%
Edwin van der Sar
95.6%
Edwin van der Sar
95.6%
Wesley Sneijder
92.2%
Wesley Sneijder
92.1%
Johan Cruyff
91.9%
Robin van Persie
91.6%
Robin van Persie
91.6%
Arjen Robben
90.7%
Arjen Robben
90.7%
Frank de Boer
89.3%
Frank de Boer
89.3%
Ronald de Boer
89.2%
Ronald de Boer
89.2%
Marco van Basten
87.4%
Dennis Bergkamp
86.4%
Dennis Bergkamp
86.3%
Giovanni van Bronckhorst
86.1%
Giovanni van Bronckhorst
86.1%
Ruud Gullit
86%
Maarten Stekelenburg
85.6%
Maarten Stekelenburg
85.6%
Giovanni van Bronckhorst
85.6%
Nigel de Jong
84.9%
Theo de Jong
84.6%
Patrick Kluivert
84.2%
Rafael van der Vaart
83.4%
Rafael van der Vaart
83.3%
Frank Rijkaard
82.5%
Frank Rijkaard
82.5%
Mark van Bommel
81.8%
Mark van Bommel
81.8%
Edgar Davids
81.6%
Ruud van Nistelrooy
80.5%
Clarence Seedorf
80.3%
Marc Overmars
78%
Marc Overmars
78%
John Heitinga
77.7%
John Heitinga
77.7%
Dirk Kuyt
77.6%
Dirk Kuyt
77.6%
Ronald Koeman
76.6%
Ronald Koeman
76.6%
Erwin Koeman
76.6%
Phillip Cocu
74.5%
Phillip Cocu
74.5%
Klaas-Jan Huntelaar
73.5%
Jaap Stam
72.8%
Michael Reiziger
70.3%
Joris Mathijsen
70.1%
Joris Mathijsen
70%
Johan Neeskens
66.9%
% Correct
Johan Neeskens
66.8%
Gregory van der Wiel
66.2%
Danny Blind
66.2%
Danny Blind
66.2%
Andre Ooijer
64.2%
Andre Ooijer
64.2%
Andre Ooijer
64.2%
Ed de Goeij
63.3%
Ed de Goeij
63.3%
Hans van Breukelen
60.8%
Boudewijn Zenden
60.4%
Winston Bogarde
59.5%
Aron Winter
59.3%
Aron Winter
59.3%
Aron Winter
59.3%
Michel Vorm
58%
Wim Jonk
57.1%
Wim Jonk
57.1%
Khalid Boulahrouz
55.2%
Khalid Boulahrouz
55.2%
Rob Rensenbrink
54.1%
Rob Rensenbrink
54.1%
Johnny Rep
53.5%
Johnny Rep
53.5%
Pierre van Hooijdonk
53.3%
Arthur Numan
52.9%
Arthur Numan
52.8%
Jimmy Floyd Hasselbaink
51.6%
Ryan Babel
51.4%
Ryan Babel
51.4%
Eljero Elia
51%
Ruud Krol
50.6%
Ruud Krol
50.5%
Arie Haan
47.7%
Arie Haan
47.7%
Willem van Hanegem
46.7%
Ibrahim Afellay
45.7%
Jan Wouters
45.7%
Jan Wouters
45.7%
Rob Witschge
45.2%
Rob Witschge
45.2%
Rene van de Kerkhof
44.3%
Willy van de Kerkhof
44.3%
Willy van de Kerkhof
44.3%
Rene van de Kerkhof
44.2%
Wim Jansen
43.8%
Wim Jansen
43.8%
Wim Kieft
43.8%
Demy de Zeeuw
42.8%
Jan Jongbloed
42.7%
Jan Jongbloed
42.7%
Bryan Roy
42.6%
% Correct
Bryan Roy
42.5%
Berry van Aerle
41%
Adri van Tiggelen
40.4%
Jan Vennegoor of Hesselink
38.6%
Wim Suurbier
38.3%
Wim Suurbier
38.3%
Ruud Hesp
37.9%
Sander Boschker
37%
John Bosman
36.2%
Stanley Menzo
35.3%
Gerald Vanenburg
35.1%
Edson Braafheid
34%
Jan Kromkamp
33.1%
John van 't Schip
32.9%
Gaston Taument
32.9%
Piet Keizer
32.1%
Denny Landzaat
32.1%
Dick Nanninga
31.8%
Stijn Schaars
31%
Piet Schrijvers
30.8%
Piet Schrijvers
30.8%
Henk Timmer
30.4%
Peter van Vossen
30.3%
Rinus Israel
29.6%
John de Wolf
27.2%
Hedwiges Maduro
26.9%
Stan Valckx
26%
Ernie Brandts
25.7%
Ulrich van Gobbel
25.1%
Kew Jaliens
25%
Wim Rijsbergen
24.8%
Wim Rijsbergen
24.8%
Tim de Cler
24.6%
Johan Boskamp
22.8%
Ruud Geels
22.5%
Joop Hiele
22.1%
Theo Snelders
21.7%
Jan Poortvliet
21.2%
Hans Gillhaus
18.8%
Henk Fraser
17.6%
Harry Vos
17.5%
John van Loen
16.9%
Graeme Rutjes
16.9%
Eddy Treijtel
14.5%
Pim Doesburg
13.9%
Hugo Hovenkamp
13.8%
Piet Wildschut
13.3%
Pleun Strik
13.2%
Kees van Ierssel
13.1%
Adrie van Kraay
13.1%
Dick Schoenaker
12.8%
Harry Lubse
11.1%
Quiz Playlist
Details
Report
Send in Message
Add To Playlist
Classic:
Type in answers that appear in a list
Last Updated: Feb 16, 2017
Quiz Scoreboard
CHALLENGE
Sign Up to Join the Scoreboard
Show All
Scores
Hide
Comments
May contain spoilers
Recently Published
Billboard Blitz: Fleetwood Mac
by CooCooCachoo
Music
15s
Presidents Visiting Landmarks
by Hejman
History
7m
An Introduction to Baseball
by treessimontrees
Sports
5m
More to Explore
Quiz From the Vault
Featured Blog Post
Where Did the Easter Bunny Come From?
hide this ad
You Might Also Like...
Tags
World Quiz
World Cup Quiz
1974
cup
Netherlands
Squad
Today's Top Quizzes in Sports
Browse Sports
hide this ad
Today's Top Quizzes in World Cup
Browse World Cup
Top Contributed Quizzes in Sports
1
Les meilleurs buteurs des matchs entre le PSG et l’OM
2
2022 World Cup Stars
3
FIFA Club World Cup Champions
4
Les entraîneurs de l'OM et du PSG au 21e siècle
5
Criteria MLB: Left Handed Sluggers
6
AFC Teams Reveal (Wrong Answers Minefield)
7
5-to-1: UK Sports Teams
8
Name the Premier League winners with different clubs
9
5-to-1: FBS Animal Nicknames
10
Players with Multiple 50 Home Run Seasons
Explore More
Trending Topics
Marvel
Harry Potter
Kpop
NBA
Disney
Crossword
Anime
Pokémon
Soccer
NFL
The Office
Country
WWE
Puzzle
Song
hide this ad
More By:
Freddie
Quiz
Plays
Rating
Category
Featured
Created
All-Time UEFA Champions League Teams
596,183
4.43
Sports
Sep 29, 2009
Premier League Top Goalscorers by Club
402,349
4.43
Sports
Jan 2, 2010
Champions League XIs: Manchester United
400,046
4.58
Sports
Nov 3, 2010
Champions League XIs: Real Madrid
381,373
4.57
Sports
Oct 22, 2010
International Football XIs: England
369,754
4.75
Sports
Dec 12, 2012
Go to Creator's Profile
Score Distribution
Quiz Creator Spotlight
Freddie
Follow
Send a Message
Quizzes Created
-
Created Quiz Play Count
-
More By This Creator
Popular Quizzes Today
1
Find the US States - No Outlines Minefield
2
Find the Countries of Europe - No Outlines Minefield
3
The Countries of the World
4
Find the US States
5
Risky Map Clicking: Biggest States A-Z
6
US States
7
Popular People in 1961
8
Movies - When Are They Set?
More Sports Quizzes
Mario Mandžukić's Hat-trick XI's
Quiz Lab
Trending Quizzes
Risky Map Clicking: Least Populous States A-Z
1-10 Letter G Words
1-10 Letter F Words
Risky Map Clicking: Next State Alphabetically
Click the Washington State Counties! (Map)
Recently Updated
Leaping Animals
pecheneg
Reality TV Shows (A-Z)
bhenderson79
Rickey Henderson's Hall of Fame Teammates
pecheneg
Champions League XIs: Arsenal
pecheneg
Quick Pick: Celebrities in WWE's Hall of Fame
aduchscher
A-Z Keypad Blitz II
pecheneg
Multiple Oscar Actors
pecheneg
Mystery Phrase Blitz: Oscar 'Best Actors'
pecheneg
F. Scott Fitzgerald Novels
LTH
Pick 3 Villains
ddd62291
Trending Topics
NBA
Kpop
Anime
Disney
Marvel
Crossword
Harry Potter
Song
Puzzle
Soccer
NFL
Country
The Office
WWE
Pokémon
Your Account Isn't Verified!
In order to create a playlist on Sporcle, you need to verify the email address you used during registration. Go to your
Sporcle Settings
to finish the process.
Report this User
Report this user for behavior that violates our
Community Guidelines
.
Details:
Send Report
Go to the Sporcle.com Mobile Site →
Comments